| 000 | 00598nam a2200181 a 4500 | ||
|---|---|---|---|
| 001 | 000029453 | ||
| 005 | 20250502073820.0 | ||
| 008 | 110415s1991 dr 000 0 spa d | ||
| 040 |
_aDO-SdBNP _bspa _cBNPHU |
||
| 082 |
_axxx _bR426l |
||
| 110 | 1 |
_aRepública Dominicana. _bOficina Nacional de Administración y Personal _926398 |
|
| 240 | 1 | 3 | _a[ Leyes, etc.] |
| 245 | 1 | 0 |
_aLey de servicio civil y carrera administrativa / _cpresentación Raymundo Amaro Guzmán. |
| 260 |
_aSanto Domingo _aONAP, _c[1991?]. |
||
| 300 |
_a21 p. ; _c21 cm. |
||
| 700 | 1 |
_aAmaro Guzmán, Raymundo _9656 |
|
| 049 | _aBNPD | ||
| 999 |
_c28945 _d28945 |
||